Anthony Hopkins Movies Quiz Stats

 Plays Quiz Updated Dec 31, 2020

Support Sporcle.
Go Orange.
Score 0/79 Timer 11:00
21 Plays Today
Year Movie % Correct
1991The Silence of the Lambs
94.1%
2001Hannibal
80.8%
2002Red Dragon
69.3%
2017Thor: Ragnarok
63.7%
2013Thor: The Dark World
58.3%
2019The Two Popes
50%
1998The Mask of Zorro
44.9%
1992Dracula
40.6%
2020The Father
37.8%
2011Thor
31.3%
1997Amistad
30.5%
2014Noah
30%
1998Meet Joe Black
28.6%
1993The Remains of the Day
27.6%
1995Nixon
26.6%
2007Beowulf
25.7%
2007Fracture
23%
1984The Bounty
22.7%
1994Legends of the Fall
21.5%
1980The Elephant Man
21.2%
2012Hitchcock
19.5%
1992Howards End
19.5%
2017Transformers: The Last Knight
19.2%
1969Hamlet
18.4%
2013RED 2
18.1%
2004Alexander
17.2%
1997The Edge
17.2%
2005The World's Fastest Indian
16.9%
1999Titus
16.8%
1968The Lion in Winter
16.6%
2001Hearts in Atlantis
15.9%
1977A Bridge Too Far
13.9%
1978Magic
13.7%
1993Shadowlands
13.5%
1999Instinct
13.1%
2003The Human Stain
13.1%
2015Solace
12.9%
1994The Road to Wellville
11.7%
2000How the Grinch Stole Christmas
11.4%
2007Shortcut to Happiness
11.3%
Year Movie % Correct
2002Bad Company
11%
2016Misconduct
11%
2011The Rite
10.5%
2011360
10.4%
2016Collide
10%
2015Kidnapping Mr. Heineken
10%
1996Surviving Picasso
9.5%
2015Blackway
9.5%
2005Proof
9.3%
2010The Wolfman
8.9%
2006All the King's Men
7.8%
1973A Doll's House
7.4%
1992Chaplin
7.2%
2019Now Is Everything
7.1%
1992Freejack
7%
198784 Charing Cross Road
6.9%
2006Bobby
6.9%
2020Elyse
6.7%
1972Young Winston
6%
2007Slipstream
5.9%
1977Audrey Rose
5.7%
1990Desperate Hours
5.7%
1996August
5.4%
1974Juggernaut
5.4%
1985The Good Father
5.2%
1971When Eight Bells Toll
5.1%
1993The Trial
5%
2010You Will Meet a Tall Dark Stranger
5%
1993The Innocent
4.9%
1967The White Bus
4.8%
1992Spotswood
4.7%
1980A Change of Seasons
4.7%
2009The City of Your Final Destination
4.4%
1978International Velvet
4.3%
1969The Looking Glass War
4.3%
1988The Dawning
4.1%
1988A Chorus of Disapproval
4.1%
1974The Girl from Petrovka
3.7%
2010Bare Knuckles
3.3%

From the Vault

Bruce Willis Movies

by Derek

Movies 8m
Yippee-ki-yay, motherf*****! a Bruce Willis Sporcle Quiz!!!
Remove Ads.
Support Sporcle.
Get the best of Sporcle when you Go Orange. This ad-free experience offers more features, more stats, and more fun while also helping to support Sporcle. Thank you for becoming a member.

Show Comments

Extras

Top Quizzes Today


Score Distribution

Your Account Isn't Verified!

In order to create a playlist on Sporcle, you need to verify the email address you used during registration. Go to your Sporcle Settings to finish the process.

Report this User

Report this user for behavior that violates our Community Guidelines.

Details: